Entry Personal Name
Number of records used in: 1
001 - CONTROL NUMBER
003 - CONTROL NUMBER IDENTIFIER
005 - DATE AND TIME OF LATEST TRANSACTION
- control field:
20250528150846.0
008 - FIXED-LENGTH DATA ELEMENTS
- fixed length control field:
200217n| azannaabn |n aaa
010 ## - LIBRARY OF CONGRESS CONTROL NUMBER
- LC control number:
nb2020003157
035 ## - SYSTEM CONTROL NUMBER
- System control number:
(Uk)010748063
040 ## - CATALOGING SOURCE
- Original cataloging agency:
Uk
- Language of cataloging:
eng
- Description conventions:
rda
- Transcribing agency:
Uk
046 ## - SPECIAL CODED DATES
100 1# - HEADING--PERSONAL NAME
- Personal name:
Swarup, Anil
370 ## - ASSOCIATED PLACE
- Place of birth:
Allahabad (India)
- Associated country:
India
- Source of term:
naf
374 ## - OCCUPATION
- Occupation:
Civil servants
- Source of term:
lcsh
375 ## - GENDER
- Gender:
Males
- Source of term:
lcsh
377 ## - ASSOCIATED LANGUAGE
670 ## - SOURCE DATA FOUND
- Source citation:
Not just a civil servant, 2019:
- Information found:
t.p. (Anil Swarup) jacket flap (he was born in Allahabad, Uttar Pradesh; he was a civil servant)